000
00292 a2200109 4500
000
nam a22 7a 4500
020
_a
9789390166824
100
_a
Ramesh,Anil
_9
109
245
_a
Start Up Marketing strategies: 11 real life cases of Indian start-ups
260
_b
Jaico
_c
2022
264
_b
Jaico
999
_c
35995
_d
35995